=LDR 00000nam 2200000 4500 =001 INLIS000000000060558 =005 20220223073013 =035 ##$$a 0010-0222000112 =007 ta =008 220223###########################0#ind## =020 ##$$a 979-8679-03-2 =082 ##$$a 814 =084 ##$$a 814 Pro k =245 1#$$a Keimanan Guru Pengusaha /$c H. Probosutedjo =300 ##$$a 559 halaman : $b ilustrasi ; $c 21 cm =650 #4$$a Essai Indonesia =264 ##$$a Jakarta :$b Yudhagama,$c 1997 =336 ##$$a teks$2 rdacontent =337 ##$$a lain-lain$2 rdamedia =338 ##$$a lain-lain$2 rdacarrier =990 ##$$a 06390639